|
|
|
|
| LEADER |
01012nam a2200277 a 4500 |
| 001 |
1261 |
| 003 |
BD-DhAAL |
| 005 |
20150321094621.0 |
| 008 |
150321s1996 ii b 000 0 eng |
| 010 |
|
|
|a 96028843
|
| 020 |
|
|
|a 0803993366 (HBUS)
|
| 020 |
|
|
|a 0803993374 (PBUS)
|
| 040 |
|
|
|a DLC
|c DLC
|d DLC
|d BD-DhAAL
|
| 050 |
0 |
0 |
|a LC157.I52
|b P833 1996
|
| 082 |
0 |
0 |
|a 374/.012
|2 20
|
| 100 |
1 |
|
|a Athreya, Venkatesh B.
|9 9985
|
| 245 |
1 |
0 |
|a Literacy and empowerment /
|c Venkatesh B. Athreya and Sheela Rani Chunkath.
|
| 260 |
|
|
|a New Delhi ;
|a Thousand Oaks, Calif. :
|b Sage Publications,
|c 1996.
|
| 300 |
|
|
|a 299 p. ;
|c 22 cm.
|
| 504 |
|
|
|a Includes bibliographical references (p. [297]-299).
|
| 541 |
|
|
|e 1261
|
| 650 |
|
0 |
|a Literacy programs
|z India
|z Pudukkottai (District)
|9 9986
|
| 700 |
1 |
|
|a Chunkath, Sheela Rani,
|d 1954-
|9 9987
|
| 942 |
|
|
|2 ddc
|c BK
|
| 999 |
|
|
|c 34126
|d 34126
|
| 952 |
|
|
|0 0
|1 0
|2 ddc
|4 0
|6 374_012000000000000_ATH
|7 0
|9 53255
|a SCL
|b SCL
|c GEN
|d 2015-03-21
|l 0
|o 374.012 ATH
|p 3020001261
|r 2015-03-21
|t 1
|w 2015-03-21
|y BK
|